000 00412nam a2200145Ia 4500
008 230711s9999||||xx |||||||||||||| ||und||
041 _aENG
082 _a720
_bBR-D
100 _aBrown,Robert Wade
245 0 _aDesign and repair of residential and light commercial foundations 
250 _a1st . Ed.
260 _c1990
_aNew Delhi
_bTata McGraw Hill Education Limited
650 _aArchitecture
942 _cBK
999 _c3243
_d3243